Türkiye sermaye piyasası 2016 (Record no. 10548)

MARC details
000 -BAŞLIK
Sabit Uzunlukta Kontrol Alanı 00903na a2200289 4500
001 - KONTROL NUMARASI
Denetim Alanı 23982
003 - KONTROL NUMARASI IDENTIFIER
Denetim Alanı MIRAKIL
005 - SON İŞLEM TARİHİ VE ZAMANI
Denetim Alanı 20181213155325.0
008 - SABİT-BOY VERİ ELEMANLARI - GENEL BİLGİLER
Sabit Uzunlukta Kontrol Alanı 180206b tu 000 0
020 ## - ULUSLARARASI STANDART KİTAP NUMARASI
Uluslararası Standart Kitap Numarası 9789756483596
022 ## - ULUSLARARASI STANDART SERİ NUMARASI
Uluslararası Standart Süreli Yayın Numarası 13036688
040 ## - KATALOGLAMA KAYNAK
Orijinal Kataloglama Ajansı Milas
Kataloglama Dili tur
Metne Dönüştürmek Ajansı TR-AnCHP
041 ## - DİL KODU
Metin / Ses Parça Veya Ayrı Başlığın Dil Kodu tur
082 ## - DEWEY ONLU SINIFLANDIRMA NUMARASI
Sınıflandırma Numarası 332.6
Ürün Numarası T96 2017
090 ## - SINIFLAMA NUMARASI
Sınıflama Numarası 332.6 T96 2017
245 ## - BAŞLIK TABLOSU
Başlık Türkiye sermaye piyasası 2016
Sorumluluk Tablosu, Vb TSPAKB ; hazırlayanlar Ekin Fıkırkoca Asena, Gökben Altaş, Mustafa Özer, Onur Salttürk
260 ## - YAYIN, DAĞITIM, VB
Yayın, Dağıtım, Vb Yeri İstanbul
Yayıncı, Dağıtıcı, Vs Adı TSPAKB
Yayın, Dağıtım, Vb Tarihi 2017
300 ## - FİZİKSEL TANIM
Kapsam 264 s.
Diğer Fiziksel Ayrıntıları tbl.
Boyutlar 30 sm.
490 ## - SERİSİ TABLOSU
Seri Beyanı TSPAKB
Hacim / Ardışık Tanımı 82
650 ## - KONU KATMA GİRİŞ - TOPİKAL DÖNEM
Topikal Süreli Veya Coğrafi Ad Giriş Elemanı Sermaye piyasası kurulu
Genel Alt Bölümü Türkiye
700 ## - KATMA GİRİŞ - KİŞİSEL İSİM
Kişisel Ad Salttürk, Onur
700 ## - KATMA GİRİŞ - KİŞİSEL İSİM
Kişisel Ad Özer, Mustafa
700 ## - KATMA GİRİŞ - KİŞİSEL İSİM
Kişisel Ad Altaş, Gökben
Relator Terim haz.
700 ## - KATMA GİRİŞ - KİŞİSEL İSİM
Kişisel Ad Asena, Ekin Fıkırkoca
Relator Terim haz.
710 ## - KATMA GİRİŞ - KURUMSAL ADI
Giriş Elemanı Olarak Kurumsal Ad Veya Yargı Alanı Adı Türkiye Sermaye Piyasası Aracı Kuruluşları Birliği (TSPAKB)
942 ## - EKLENDİ GİRİŞ ELEMANLARI (KOHA)
Sınıflandırma Veya Raf Düzeni Kaynak Dewey Decimal Classification
Koha Öğesi Türü Books
999 ## - SİSTEM KONTROL NUMARALARI (KOHA)
Koha Biblionumber 10548
Koha Biblioitemnumber 10548
Holdings
Kalıcı Konum Mevcut Konum Edinme Tarihi Edinim Kaynak Toplam Check-Out'Lar Tam Çağrı Numarası Barkod Tarih Son Görülme İtibaren Geçerli Fiyatlar Koha Öğesi Türü
CHP Kütüphanesi CHP Kütüphanesi 02/06/2018 Bağış   332.6 T96 2017 017978 02/06/2018 02/06/2018 Books